[Event "Ålesund Grand Prix 2017"]
[Site "Clarion Hotel Bryggen, Ålesund"]
[Date "2017.03.31"]
[Round "3"]
[White "Kvisla, Johannes Luangtep"]
[Black "Merkesvik, Sondre"]
[Result "1-0"]
[WhiteElo "2272"]
[BlackElo "2186"]

1. e4 {[%clk 1:28:47]} c5 {[%clk 1:29:52]} 2. Nf3 {[%clk 1:29:11]} d6
{[%clk 1:30:13]} 3. Bb5+ {[%clk 1:28:48]} Bd7 {[%clk 1:30:31]} 4. Bxd7+
{[%clk 1:29:12]} Qxd7 {[%clk 1:28:05]} 5. O-O {[%clk 1:29:34]} Nc6
{[%clk 1:28:09]} 6. Qe2 {[%clk 1:29:59]} g6 {[%clk 1:27:11]} 7. c3
{[%clk 1:29:21]} Bg7 {[%clk 1:26:51]} 8. Rd1 {[%clk 1:29:40]} e5 {[%clk 1:24:41]}
9. Na3 {[%clk 1:29:52]} Nge7 {[%clk 1:24:53]} 10. Nc2 {[%clk 1:28:58]} d5
{[%clk 1:21:04]} 11. exd5 {[%clk 1:28:13]} Qxd5 {[%clk 1:20:02]} 12. Ne3
{[%clk 1:26:43]} Qe6 {[%clk 1:16:09]} 13. Ng5 {[%clk 1:25:56]} Qd7
{[%clk 1:13:39]} 14. Qc4 {[%clk 1:25:26]} O-O {[%clk 1:11:58]} 15. Qxc5
{[%clk 1:25:47]} Qd3 {[%clk 1:11:53]} 16. Qc4 {[%clk 1:25:02]} Rad8
{[%clk 1:11:57]} 17. Qxd3 {[%clk 1:23:29]} Rxd3 {[%clk 1:12:26]} 18. Ne4
{[%clk 1:23:45]} b6 {[%clk 1:11:47]} 19. f3 {[%clk 1:20:18]} Rfd8
{[%clk 1:07:36]} 20. Nf2 {[%clk 1:20:21]} R3d7 {[%clk 1:07:54]} 21. d3
{[%clk 1:20:24]} f5 {[%clk 1:07:14]} 22. Re1 {[%clk 1:20:43]} Kf7
{[%clk 1:00:16]} 23. Nc4 {[%clk 1:20:33]} Bf6 {[%clk 0:54:08]} 24. f4
{[%clk 1:20:16]} exf4 {[%clk 0:52:27]} 25. Bxf4 {[%clk 1:19:39]} Nd5
{[%clk 0:50:06]} 26. Ne5+ {[%clk 1:16:58]} Bxe5 {[%clk 0:49:31]} 27. Bxe5
{[%clk 1:17:20]} Re8 {[%clk 0:44:53]} 28. d4 {[%clk 1:16:58]} Nxe5
{[%clk 0:43:47]} 29. dxe5 {[%clk 1:17:25]} Nf4 {[%clk 0:42:39]} 30. g3
{[%clk 1:17:28]} Nd3 {[%clk 0:42:32]} 31. Nxd3 {[%clk 1:17:51]} Rxd3
{[%clk 0:42:57]} 32. Re2 {[%clk 1:18:16]} Rc8 {[%clk 0:40:46]} 33. a4
{[%clk 1:17:28]} Rc5 {[%clk 0:39:00]} 34. e6+ {[%clk 1:11:04]} Ke7
{[%clk 0:37:46]} 35. Kf2 {[%clk 1:11:27]} Rd6 {[%clk 0:37:06]} 36. Rae1
{[%clk 1:09:28]} Rcc6 {[%clk 0:21:28]} 37. a5 {[%clk 1:07:57]} bxa5
{[%clk 0:16:42]} 38. Re5 {[%clk 1:08:13]} Ra6 {[%clk 0:17:01]} 39. Rb5
{[%clk 0:56:58]} Rab6 {[%clk 0:15:40]} 40. Rxa5 {[%clk 0:55:28]} Rxb2+
{[%clk 0:16:02]} 41. Kf3 {[%clk 0:54:36]} Rb7 {[%clk 0:08:38]} 42. Kf4
{[%clk 0:51:24]} Rxe6 {[%clk 0:02:10]} 43. Rxe6+ {[%clk 0:50:41]} Kxe6
{[%clk 0:02:39]} 44. c4 {[%clk 0:51:04]} Kd6 {[%clk 0:01:19]} 45. Ke3
{[%clk 0:51:28]} Kc6 {[%clk 0:00:49]} 46. Kd4 {[%clk 0:51:52]} Re7
{[%clk 0:00:41]} 47. Ra6+ {[%clk 0:51:45]} Kb7 {[%clk 0:01:05]} 48. Rf6
{[%clk 0:51:37]} Rc7 {[%clk 0:00:48]} 49. Kd5 {[%clk 0:51:29]} Rd7+
{[%clk 0:01:05]} 50. Kc5 {[%clk 0:51:40]} Rc7+ {[%clk 0:00:42]} 51. Kd5
{[%clk 0:47:39]} a5 {[%clk 0:00:50]} 52. c5 {[%clk 0:47:42]} a4 {[%clk 0:00:34]}
53. Rb6+ {[%clk 0:48:01]} Ka8 {[%clk 0:00:47]} 54. Kd6 {[%clk 0:46:12]} Rg7
{[%clk 0:00:38]} 55. c6 {[%clk 0:46:03]} a3 {[%clk 0:00:37]} 56. c7
{[%clk 0:45:07]} Rg8 {[%clk 0:01:05]} 57. Kc6 {[%clk 0:44:59]} Ka7
{[%clk 0:01:31]} 58. Rb3 1-0

[Event "Ålesund Grand Prix 2017"]
[Site "Clarion Hotel Bryggen, Ålesund"]
[Date "2017.03.31"]
[Round "3"]
[White "Monsøy, Arild Edin"]
[Black "Kyrkjebø, Erlend"]
[Result "0-1"]
[WhiteElo "1779"]
[BlackElo "2091"]

1. c4 {[%clk 1:30:58]} c5 {[%clk 1:30:55]} 2. Nc3 {[%clk 1:31:23]} Nc6
{[%clk 1:31:21]} 3. d3 {[%clk 1:31:31]} g6 {[%clk 1:31:15]} 4. e4
{[%clk 1:31:46]} Bg7 {[%clk 1:31:32]} 5. g3 {[%clk 1:32:02]} e6 {[%clk 1:31:26]}
6. Bg2 {[%clk 1:32:23]} Nge7 {[%clk 1:31:37]} 7. f4 {[%clk 1:32:25]} Nd4
{[%clk 1:30:39]} 8. Nge2 {[%clk 1:31:58]} Nec6 {[%clk 1:30:00]} 9. O-O
{[%clk 1:29:46]} O-O {[%clk 1:29:50]} 10. Nxd4 {[%clk 1:26:45]} Nxd4
{[%clk 1:23:31]} 11. Be3 {[%clk 1:21:34]} d6 {[%clk 1:22:19]} 12. Qd2
{[%clk 1:19:25]} Rb8 {[%clk 1:21:37]} 13. Kh1 {[%clk 1:14:38]} Bd7
{[%clk 1:09:34]} 14. g4 {[%clk 1:00:53]} f5 {[%clk 1:07:01]} 15. exf5
{[%clk 0:59:01]} gxf5 {[%clk 1:06:07]} 16. g5 {[%clk 0:57:14]} Bc6
{[%clk 1:00:41]} 17. Rae1 {[%clk 0:51:17]} Qd7 {[%clk 0:56:30]} 18. Rc1
{[%clk 0:31:07]} b5 {[%clk 0:38:23]} 19. Bxd4 {[%clk 0:28:04]} cxd4
{[%clk 0:37:17]} 20. Nxb5 {[%clk 0:24:25]} Bxb5 {[%clk 0:34:23]} 21. cxb5
{[%clk 0:24:48]} Qxb5 {[%clk 0:34:46]} 22. Rc2 {[%clk 0:20:29]} e5
{[%clk 0:31:03]} 23. Bc6 {[%clk 0:18:31]} Qb6 {[%clk 0:27:18]} 24. Bd5+
{[%clk 0:18:36]} Kh8 {[%clk 0:27:47]} 25. b3 {[%clk 0:17:14]} Rbe8
{[%clk 0:23:31]} 26. Qg2 {[%clk 0:12:24]} Qd8 {[%clk 0:17:50]} 27. g6
{[%clk 0:11:01]} Qh4 {[%clk 0:16:10]} 28. Bf7 {[%clk 0:06:31]} Re7
{[%clk 0:15:58]} 29. Qg5 {[%clk 0:05:04]} Qxg5 {[%clk 0:11:55]} 30. fxg5
{[%clk 0:05:32]} e4 {[%clk 0:08:53]} 31. Re2 {[%clk 0:01:26]} hxg6
{[%clk 0:06:59]} 32. Bxg6 {[%clk 0:01:45]} d5 {[%clk 0:02:47]} 33. Rxf5
{[%clk 0:01:39]} Rxf5 {[%clk 0:01:49]} 34. Bxf5 {[%clk 0:02:02]} Re5
{[%clk 0:01:37]} 35. dxe4 {[%clk 0:02:05]} d3 {[%clk 0:01:30]} 36. Re3
{[%clk 0:01:10]} dxe4 {[%clk 0:01:02]} 37. Rh3+ {[%clk 0:00:51]} Kg8
{[%clk 0:01:25]} 38. Bxe4 {[%clk 0:00:39]} Rxe4 {[%clk 0:01:18]} 39. Rxd3
{[%clk 0:01:02]} Re1+ {[%clk 0:01:16]} 40. Kg2 {[%clk 0:01:27]} Re2+
{[%clk 0:01:33]} 41. Kf3 {[%clk 0:01:29]} Rxh2 {[%clk 0:01:06]} 42. a4
{[%clk 0:01:15]} Rh3+ {[%clk 0:00:47]} 43. Ke4 {[%clk 0:01:41]} Rxd3
{[%clk 0:00:35]} 44. Kxd3 {[%clk 0:02:03]} Bf8 {[%clk 0:00:38]} 45. a5
{[%clk 0:01:47]} Bb4 {[%clk 0:00:49]} 46. a6 {[%clk 0:01:38]} Be7 0-1

[Event "Ålesund Grand Prix 2017"]
[Site "Clarion Hotel Bryggen, Ålesund"]
[Date "2017.03.31"]
[Round "3"]
[White "Fard, Adel Gharebagi"]
[Black "Kvamme, John A"]
[Result "1/2-1/2"]
[WhiteElo "1562"]
[BlackElo "2141"]

1. d4 Nf6 {[%clk 1:27:58]} 2. e3 {[%clk 1:31:27]} g6 {[%clk 1:26:59]} 3. Bd3
{[%clk 1:31:46]} Bg7 {[%clk 1:27:19]} 4. f4 {[%clk 1:32:05]} O-O {[%clk 1:27:19]}
5. Nf3 {[%clk 1:32:32]} c5 {[%clk 1:27:21]} 6. c3 {[%clk 1:32:53]} b6
{[%clk 1:22:11]} 7. O-O {[%clk 1:32:35]} Ba6 {[%clk 1:20:58]} 8. f5
{[%clk 1:31:03]} Bxd3 {[%clk 1:18:15]} 9. Qxd3 {[%clk 1:31:30]} d5
{[%clk 1:17:59]} 10. Ng5 {[%clk 1:31:44]} Nc6 {[%clk 1:16:43]} 11. fxg6
{[%clk 1:31:49]} hxg6 {[%clk 1:16:38]} 12. Nd2 {[%clk 1:30:28]} e5
{[%clk 1:00:08]} 13. dxc5 {[%clk 1:28:02]} e4 {[%clk 0:51:04]} 14. Qb5
{[%clk 1:24:02]} Ne5 {[%clk 0:51:16]} 15. cxb6 {[%clk 1:24:09]} axb6
{[%clk 0:50:23]} 16. Nh3 {[%clk 1:15:39]} Nfg4 {[%clk 0:45:28]} 17. Qe2
{[%clk 1:10:06]} Qh4 {[%clk 0:39:36]} 18. Rd1 {[%clk 1:02:36]} Nd3
{[%clk 0:32:46]} 19. Nf1 {[%clk 1:00:28]} Be5 {[%clk 0:31:34]} 20. Nf4
{[%clk 0:55:41]} Bxf4 {[%clk 0:20:15]} 21. exf4 {[%clk 0:55:47]} Ngf2
{[%clk 0:18:37]} 22. Rd2 {[%clk 0:53:53]} f5 {[%clk 0:14:39]} 23. h3
{[%clk 0:51:02]} Nxc1 {[%clk 0:10:16]} 24. Qxf2 {[%clk 0:45:32]} Qxf2+
{[%clk 0:10:38]} 25. Rxf2 {[%clk 0:45:32]} Nd3 {[%clk 0:10:58]} 26. Rd2
{[%clk 0:44:59]} Nxf4 {[%clk 0:11:17]} 27. Ne3 {[%clk 0:44:25]} Rad8
{[%clk 0:11:05]} 28. Rad1 {[%clk 0:43:48]} Nd3 {[%clk 0:11:20]} 29. Rxd3
{[%clk 0:43:10]} exd3 {[%clk 0:11:36]} 30. Rxd3 {[%clk 0:43:36]} Kf7
{[%clk 0:06:52]} 31. Nxd5 {[%clk 0:43:25]} b5 {[%clk 0:05:30]} 32. b3
{[%clk 0:42:49]} Rfe8 {[%clk 0:05:29]} 33. Kf2 {[%clk 0:43:07]} Re5
{[%clk 0:03:40]} 34. Nf4 {[%clk 0:41:50]} Rxd3 {[%clk 0:03:23]} 35. Nxd3
{[%clk 0:42:18]} Re4 {[%clk 0:02:46]} 36. Kf3 {[%clk 0:42:07]} Kf6
{[%clk 0:02:41]} 37. Nf4 {[%clk 0:41:23]} Re5 {[%clk 0:02:04]} 38. Ne2
{[%clk 0:41:21]} Rc5 {[%clk 0:02:11]} 39. Ke3 {[%clk 0:41:11]} Ke5
{[%clk 0:02:31]} 40. b4 {[%clk 0:36:50]} Rc8 {[%clk 0:02:30]} 41. Kd3
{[%clk 0:36:32]} Ra8 {[%clk 0:02:03]} 42. Nd4 {[%clk 0:37:00]} Rxa2
{[%clk 0:02:25]} 43. Nxb5 {[%clk 0:37:29]} Rxg2 {[%clk 0:02:46]} 44. Nd4
{[%clk 0:36:53]} Rg3+ {[%clk 0:03:02]} 45. Kc4 {[%clk 0:37:14]} f4
{[%clk 0:02:30]} 46. b5 {[%clk 0:36:54]} f3 {[%clk 0:02:43]} 47. Nb3
{[%clk 0:35:52]} Rxh3 {[%clk 0:02:15]} 48. b6 {[%clk 0:35:19]} f2
{[%clk 0:01:49]} 49. Nd2 {[%clk 0:35:41]} Kd6 {[%clk 0:01:44]} 50. Ne4+
{[%clk 0:36:09]} Kc6 {[%clk 0:02:02]} 51. Nxf2 {[%clk 0:36:09]} Rh4+
{[%clk 0:02:26]} 52. Kd3 {[%clk 0:36:15]} Kxb6 {[%clk 0:02:51]} 53. Ne4
{[%clk 0:36:11]} Kc6 {[%clk 0:02:52]} 54. c4 {[%clk 0:36:30]} Rh1
{[%clk 0:03:03]} 55. Ke3 {[%clk 0:36:49]} Rc1 {[%clk 0:02:56]} 56. Kd4
{[%clk 0:37:09]} Ra1 {[%clk 0:03:02]} 57. Ke5 {[%clk 0:37:18]} Rf1
{[%clk 0:02:42]} 58. Ng3 {[%clk 0:36:10]} Rf3 {[%clk 0:03:00]} 59. Ne4
{[%clk 0:36:38]} Rf5+ {[%clk 0:03:23]} 60. Ke6 {[%clk 0:36:53]} Rf1
{[%clk 0:03:11]} 61. Ke5 {[%clk 0:36:58]} Rc1 {[%clk 0:02:47]} 62. Kf6
{[%clk 0:37:13]} Rxc4 {[%clk 0:03:03]} 63. Ng5 {[%clk 0:37:29]} Kd6
{[%clk 0:03:10]} 64. Kxg6 {[%clk 0:37:56]} Rf4 {[%clk 0:03:30]} 65. Nf7+
{[%clk 0:38:01]} Ke7 {[%clk 0:03:51]} 66. Nh6 {[%clk 0:38:21]} Ke6
{[%clk 0:04:06]} 67. Kg5 {[%clk 0:38:42]} Rf1 {[%clk 0:04:27]} 68. Ng4
{[%clk 0:39:07]} Rf3 {[%clk 0:04:48]} 69. Nh6 {[%clk 0:39:26]} Ke5
{[%clk 0:05:11]} 70. Ng4+ {[%clk 0:39:55]} Ke6 {[%clk 0:04:52]} 71. Nh6
{[%clk 0:40:21]} Rf6 {[%clk 0:04:05]} 72. Kh5 {[%clk 0:40:19]} Rf1
{[%clk 0:03:43]} 73. Kg5 {[%clk 0:40:37]} Rh1 {[%clk 0:03:04]} 74. Ng4
{[%clk 0:41:04]} Rg1 {[%clk 0:03:29]} 75. Kf4 {[%clk 0:41:33]} Kd5
{[%clk 0:03:45]} 76. Ne3+ {[%clk 0:41:29]} Kd4 {[%clk 0:04:09]} 77. Nf5+
{[%clk 0:41:50]} Kd3 {[%clk 0:04:35]} 78. Ke5 {[%clk 0:42:17]} Re1+
{[%clk 0:04:56]} 79. Kf4 {[%clk 0:42:43]} Re2 {[%clk 0:05:17]} 80. Ng3
{[%clk 0:42:53]} Rf2+ {[%clk 0:05:39]} 81. Ke5 {[%clk 0:43:04]} Ra2
{[%clk 0:05:54]} 82. Kf4 {[%clk 0:43:05]} Ra4+ {[%clk 0:06:15]} 83. Ke5
{[%clk 0:43:30]} Ke3 {[%clk 0:06:34]} 84. Nf5+ {[%clk 0:43:34]} Kf3
{[%clk 0:06:26]} 85. Nd4+ {[%clk 0:45:51]} Rxd4 {[%clk 0:06:51]} 86. Kxd4
{[%clk 0:46:19]} 1/2-1/2

[Event "Ålesund Grand Prix 2017"]
[Site "Clarion Hotel Bryggen, Ålesund"]
[Date "2017.03.31"]
[Round "1"]
[White "Kvisla, Johannes Luangtep"]
[Black "Tenold, Andreas"]
[Result "1-0"]
[WhiteElo "2272"]
[BlackElo "1531"]

1. e4 {[%clk 0:20:07]} c5 {[%clk 0:20:05]} 2. Nc3 {[%clk 0:20:10]} Nc6
{[%clk 0:19:56]} 3. f4 {[%clk 0:20:12]} g6 {[%clk 0:19:42]} 4. Nf3
{[%clk 0:20:15]} Bg7 {[%clk 0:19:45]} 5. a3 {[%clk 0:20:18]} d6 {[%clk 0:19:34]}
6. Bc4 {[%clk 0:20:21]} Nf6 {[%clk 0:19:24]} 7. d3 {[%clk 0:20:21]} O-O
{[%clk 0:19:20]} 8. O-O {[%clk 0:20:16]} a6 {[%clk 0:18:41]} 9. Qe1
{[%clk 0:20:17]} b5 {[%clk 0:17:20]} 10. Ba2 {[%clk 0:20:19]} Bg4
{[%clk 0:16:45]} 11. Ne2 {[%clk 0:20:11]} Bxf3 {[%clk 0:15:39]} 12. Rxf3
{[%clk 0:20:13]} e5 {[%clk 0:15:29]} 13. f5 {[%clk 0:20:13]} Qd7 {[%clk 0:14:48]}
14. Bg5 {[%clk 0:20:10]} Ne8 {[%clk 0:13:00]} 15. Qh4 {[%clk 0:20:01]} Nc7
{[%clk 0:11:17]} 16. Rh3 {[%clk 0:19:41]} Rfc8 {[%clk 0:09:46]} 17. Qxh7+
{[%clk 0:19:40]} Kf8 {[%clk 0:09:49]} 18. f6 {[%clk 0:19:43]} Bxf6
{[%clk 0:09:34]} 19. Bxf6 {[%clk 0:19:45]} 1-0

[Event "Ålesund Grand Prix 2017"]
[Site "Clarion Hotel Bryggen, Ålesund"]
[Date "2017.03.31"]
[Round "1"]
[White "Valle, Knut"]
[Black "Merkesvik, Sondre"]
[Result "0-1"]
[WhiteElo "1563"]
[BlackElo "2186"]

1. d4 {[%clk 0:20:08]} Nf6 {[%clk 0:20:07]} 2. Nf3 {[%clk 0:20:10]} g6
{[%clk 0:20:11]} 3. Bf4 {[%clk 0:20:13]} Bg7 {[%clk 0:20:14]} 4. e3
{[%clk 0:20:15]} O-O {[%clk 0:20:16]} 5. Bd3 {[%clk 0:20:16]} c5 {[%clk 0:20:20]}
6. c3 {[%clk 0:20:19]} Qb6 {[%clk 0:20:06]} 7. Qc2 {[%clk 0:20:18]} d5
{[%clk 0:20:09]} 8. Nbd2 {[%clk 0:19:55]} c4 {[%clk 0:19:50]} 9. Be2
{[%clk 0:19:58]} Bf5 {[%clk 0:19:54]} 10. e4 {[%clk 0:19:11]} Nxe4
{[%clk 0:19:55]} 11. Nxe4 {[%clk 0:19:14]} Bxe4 {[%clk 0:19:58]} 12. Qd2
{[%clk 0:19:18]} Nd7 {[%clk 0:19:45]} 13. O-O {[%clk 0:19:13]} Nf6
{[%clk 0:19:49]} 14. Rfe1 {[%clk 0:18:52]} a5 {[%clk 0:19:45]} 15. Ng5
{[%clk 0:18:19]} Bf5 {[%clk 0:19:48]} 16. f3 {[%clk 0:18:15]} h6 {[%clk 0:19:36]}
17. Nh3 {[%clk 0:18:05]} Bxh3 {[%clk 0:19:40]} 18. gxh3 {[%clk 0:18:09]} Kh7
{[%clk 0:19:25]} 19. Kh1 {[%clk 0:18:00]} Rae8 {[%clk 0:19:04]} 20. Be5
{[%clk 0:17:36]} Qe6 {[%clk 0:19:04]} 21. Bf1 {[%clk 0:17:38]} Qf5
{[%clk 0:19:08]} 22. Qg2 {[%clk 0:17:25]} b5 {[%clk 0:18:33]} 23. a3
{[%clk 0:16:37]} Rc8 {[%clk 0:18:05]} 24. Be2 {[%clk 0:16:18]} Qc2
{[%clk 0:17:15]} 25. Bd1 {[%clk 0:16:16]} Qxg2+ {[%clk 0:17:17]} 26. Kxg2
{[%clk 0:16:20]} Rfe8 {[%clk 0:17:17]} 27. Bc2 {[%clk 0:16:06]} Nh5
{[%clk 0:17:16]} 28. Bxg7 {[%clk 0:16:04]} Kxg7 {[%clk 0:17:18]} 29. Kf2
{[%clk 0:14:42]} e6 {[%clk 0:16:52]} 30. Rg1 {[%clk 0:14:37]} Rb8
{[%clk 0:16:46]} 31. h4 {[%clk 0:14:02]} Rb6 {[%clk 0:16:46]} 32. Rae1
{[%clk 0:13:28]} Reb8 {[%clk 0:16:40]} 33. b3 {[%clk 0:11:52]} cxb3
{[%clk 0:16:38]} 34. Bxb3 {[%clk 0:11:55]} Rc8 {[%clk 0:16:43]} 35. Re3
{[%clk 0:11:58]} Rbc6 {[%clk 0:16:45]} 36. Rc1 {[%clk 0:12:02]} b4
{[%clk 0:16:47]} 37. axb4 {[%clk 0:12:01]} axb4 {[%clk 0:16:51]} 0-1

[Event "Ålesund Grand Prix 2017"]
[Site "Clarion Hotel Bryggen, Ålesund"]
[Date "2017.03.31"]
[Round "1"]
[White "Skrede, Per Arne"]
[Black "Lie, Terje"]
[Result "1-0"]
[WhiteElo "1707"]
[BlackElo "1437"]

1. e4 {[%clk 0:20:01]} g6 {[%clk 0:20:08]} 2. d4 {[%clk 0:19:58]} d6
{[%clk 0:20:10]} 3. Nf3 {[%clk 0:19:34]} Nf6 {[%clk 0:20:13]} 4. Nc3
{[%clk 0:19:26]} Bg7 {[%clk 0:20:13]} 5. Be3 {[%clk 0:18:23]} Bg4
{[%clk 0:19:56]} 6. h3 {[%clk 0:16:51]} Bxf3 {[%clk 0:19:55]} 7. Qxf3
{[%clk 0:16:51]} O-O {[%clk 0:19:55]} 8. Bc4 {[%clk 0:16:12]} Nc6
{[%clk 0:19:34]} 9. a3 {[%clk 0:14:36]} a6 {[%clk 0:19:19]} 10. Ba2
{[%clk 0:12:40]} Nd7 {[%clk 0:17:42]} 11. O-O-O {[%clk 0:11:08]} e5
{[%clk 0:17:20]} 12. dxe5 {[%clk 0:08:37]} Ndxe5 {[%clk 0:17:16]} 13. Qe2
{[%clk 0:08:21]} Kh8 {[%clk 0:16:41]} 14. f4 {[%clk 0:06:24]} Nd7
{[%clk 0:16:26]} 15. Qd2 {[%clk 0:05:17]} f6 {[%clk 0:15:39]} 16. g4
{[%clk 0:04:43]} Qe8 {[%clk 0:14:38]} 17. h4 {[%clk 0:04:07]} Nc5
{[%clk 0:12:16]} 18. h5 {[%clk 0:02:39]} Nxe4 {[%clk 0:11:48]} 19. Nxe4
{[%clk 0:01:38]} Qxe4 {[%clk 0:11:50]} 20. h6 {[%clk 0:01:41]} Rae8
{[%clk 0:11:34]} 21. hxg7+ {[%clk 0:01:43]} Kxg7 {[%clk 0:11:37]} 22. Rh3
{[%clk 0:01:11]} Re7 {[%clk 0:10:59]} 23. Rdh1 {[%clk 0:00:44]} Rh8
{[%clk 0:09:47]} 24. Bf2 {[%clk 0:00:39]} Qg2 {[%clk 0:08:31]} 25. g5
{[%clk 0:00:28]} fxg5 {[%clk 0:08:01]} 26. Bd4+ {[%clk 0:00:31]} Nxd4
{[%clk 0:07:46]} 27. Qxg2 {[%clk 0:00:35]} Ne2+ {[%clk 0:07:42]} 28. Kb1
{[%clk 0:00:39]} Nxf4 {[%clk 0:07:44]} 29. Qd2 {[%clk 0:00:31]} Nxh3
{[%clk 0:07:19]} 30. Rxh3 {[%clk 0:00:24]} Rhe8 {[%clk 0:07:17]} 31. b3
{[%clk 0:00:23]} Re1+ {[%clk 0:07:17]} 32. Kb2 {[%clk 0:00:27]} R1e2
{[%clk 0:07:14]} 33. Qd4+ {[%clk 0:00:29]} R2e5 {[%clk 0:07:18]} 34. Re3
{[%clk 0:00:30]} h5 {[%clk 0:07:16]} 35. b4 {[%clk 0:00:27]} b6 {[%clk 0:07:15]}
36. Bd5 {[%clk 0:00:18]} Kh6 {[%clk 0:07:18]} 37. Rxe5 {[%clk 0:00:22]} Rxe5
{[%clk 0:07:22]} 38. Bc6 {[%clk 0:00:25]} g4 {[%clk 0:07:17]} 39. a4
{[%clk 0:00:21]} g3 {[%clk 0:07:16]} 40. Qf4+ {[%clk 0:00:15]} Rg5
{[%clk 0:07:20]} 41. Qf8+ {[%clk 0:00:18]} Kh7 {[%clk 0:07:20]} 42. Bg2
{[%clk 0:00:15]} h4 {[%clk 0:07:22]} 43. Qf7+ {[%clk 0:00:12]} Kh6
{[%clk 0:07:26]} 44. Qxc7 {[%clk 0:00:13]} b5 {[%clk 0:07:25]} 45. axb5
{[%clk 0:00:12]} axb5 {[%clk 0:07:29]} 46. Qxd6 {[%clk 0:00:13]} h3
{[%clk 0:07:22]} 47. Bxh3 {[%clk 0:00:11]} g2 {[%clk 0:07:26]} 48. Bxg2
{[%clk 0:00:14]} Rxg2 {[%clk 0:07:30]} 49. Qf4+ {[%clk 0:00:16]} Rg5
{[%clk 0:07:33]} 50. Qf8+ {[%clk 0:00:13]} Kh5 {[%clk 0:07:35]} 51. Qh8+
{[%clk 0:00:12]} Kg4 {[%clk 0:07:39]} 52. Qh2 {[%clk 0:00:11]} Kf5
{[%clk 0:07:40]} 53. Qe2 {[%clk 0:00:11]} Kf6 {[%clk 0:07:42]} 54. Kb3
{[%clk 0:00:13]} Rg3+ {[%clk 0:07:44]} 55. c3 {[%clk 0:00:16]} Rg5
{[%clk 0:07:48]} 56. Qf3+ {[%clk 0:00:17]} Kg7 {[%clk 0:07:51]} 57. c4
{[%clk 0:00:10]} bxc4+ {[%clk 0:07:55]} 58. Kxc4 {[%clk 0:00:13]} Rf5
{[%clk 0:07:56]} 59. Qb7+ {[%clk 0:00:13]} Kh6 {[%clk 0:07:59]} 60. b5
{[%clk 0:00:09]} Rf4+ {[%clk 0:08:02]} 61. Kd3 {[%clk 0:00:12]} Rf5
{[%clk 0:08:01]} 62. Qh1+ {[%clk 0:00:11]} Kg7 {[%clk 0:08:05]} 63. b6
{[%clk 0:00:13]} Rb5 {[%clk 0:07:57]} 64. b7 {[%clk 0:00:16]} Rb3+
{[%clk 0:08:01]} 65. Kc4 {[%clk 0:00:20]} Rb6 {[%clk 0:08:03]} 66. Qd5
{[%clk 0:00:14]} Kh6 {[%clk 0:07:58]} 67. Kc5 {[%clk 0:00:14]} Rb1
{[%clk 0:07:57]} 68. Kc6 {[%clk 0:00:08]} g5 {[%clk 0:07:48]} 69. Qd6+
{[%clk 0:00:10]} Kh5 {[%clk 0:07:50]} 70. b8=Q {[%clk 0:00:09]} Rxb8
{[%clk 0:07:54]} 71. Qxb8 {[%clk 0:00:13]} Kh4 {[%clk 0:07:56]} 72. Qd8
{[%clk 0:00:15]} Kg4 {[%clk 0:07:54]} 73. Kd5 {[%clk 0:00:18]} Kf4
{[%clk 0:07:58]} 74. Qf6+ {[%clk 0:00:21]} Kg4 {[%clk 0:08:02]} 75. Ke4
{[%clk 0:00:24]} Kh5 {[%clk 0:08:01]} 76. Kf5 {[%clk 0:00:15]} Kh4
{[%clk 0:07:58]} 77. Qxg5+ {[%clk 0:00:16]} Kh3 {[%clk 0:08:02]} 78. Kf4
{[%clk 0:00:14]} Kh2 {[%clk 0:08:05]} 79. Kf3 1-0

[Event "Ålesund Grand Prix 2017"]
[Site "Clarion Hotel Bryggen, Ålesund"]
[Date "2017.03.31"]
[Round "2"]
[White "Unneland, Mathias"]
[Black "Kvisla, Johannes Luangtep"]
[Result "0-1"]
[WhiteElo "1645"]
[BlackElo "2272"]

1. e4 {[%clk 0:20:08]} c6 {[%clk 0:20:09]} 2. d4 {[%clk 0:20:05]} d5
{[%clk 0:20:12]} 3. exd5 {[%clk 0:20:03]} cxd5 {[%clk 0:20:15]} 4. Nf3
{[%clk 0:20:06]} Nc6 {[%clk 0:20:16]} 5. Bd3 {[%clk 0:20:04]} Bg4
{[%clk 0:20:13]} 6. c3 {[%clk 0:20:07]} e6 {[%clk 0:20:10]} 7. h3
{[%clk 0:20:02]} Bh5 {[%clk 0:20:09]} 8. Bf4 {[%clk 0:19:46]} Qb6
{[%clk 0:19:48]} 9. b3 {[%clk 0:19:19]} Nf6 {[%clk 0:19:36]} 10. O-O
{[%clk 0:19:13]} Be7 {[%clk 0:19:26]} 11. Nbd2 {[%clk 0:19:06]} O-O
{[%clk 0:19:10]} 12. Re1 {[%clk 0:18:45]} Ba3 {[%clk 0:19:11]} 13. Rb1
{[%clk 0:18:41]} Be7 {[%clk 0:19:02]} 14. Nf1 {[%clk 0:18:39]} Qa5
{[%clk 0:18:57]} 15. Ng3 {[%clk 0:18:01]} Qxc3 {[%clk 0:18:18]} 16. Nxh5
{[%clk 0:17:26]} Nxh5 {[%clk 0:18:20]} 17. Be3 {[%clk 0:17:18]} Nb4
{[%clk 0:18:04]} 18. Ne5 {[%clk 0:15:51]} Nxd3 {[%clk 0:17:29]} 19. Nxd3
{[%clk 0:15:41]} Nf6 {[%clk 0:17:25]} 20. Rc1 {[%clk 0:15:03]} Qa5
{[%clk 0:17:26]} 21. Qf3 {[%clk 0:13:33]} Rfc8 {[%clk 0:16:52]} 22. Ne5
{[%clk 0:11:56]} Bd6 {[%clk 0:16:47]} 23. a4 {[%clk 0:11:15]} Bxe5
{[%clk 0:14:42]} 24. dxe5 {[%clk 0:11:14]} Ne4 {[%clk 0:14:45]} 25. Qg4
{[%clk 0:10:28]} Qd8 {[%clk 0:11:57]} 26. f3 {[%clk 0:09:54]} Nc3
{[%clk 0:11:29]} 27. Qd4 {[%clk 0:09:15]} Na2 {[%clk 0:09:56]} 28. Ra1
{[%clk 0:07:47]} Rc2 {[%clk 0:09:49]} 29. Qg4 {[%clk 0:07:08]} Kh8
{[%clk 0:08:42]} 30. Bg5 {[%clk 0:06:20]} Qb6+ {[%clk 0:08:39]} 31. Be3
{[%clk 0:04:52]} Qxb3 {[%clk 0:08:32]} 32. Qh5 {[%clk 0:03:43]} Rf8
{[%clk 0:07:26]} 33. Bh6 {[%clk 0:02:07]} Qb6+ {[%clk 0:07:09]} 34. Kh1
{[%clk 0:01:59]} gxh6 {[%clk 0:07:01]} 35. Qxh6 {[%clk 0:01:55]} Qd8
{[%clk 0:06:56]} 36. Rad1 {[%clk 0:01:22]} Rg8 {[%clk 0:05:40]} 37. g4
{[%clk 0:00:45]} Rg6 {[%clk 0:05:42]} 38. Qh5 {[%clk 0:00:23]} Nc3
{[%clk 0:05:10]} 39. Rc1 {[%clk 0:00:00]} Rxc1 {[%clk 0:05:10]} 40. Rxc1
{[%clk 0:00:00]} Ne2 {[%clk 0:05:10]} 0-1

[Event "Ålesund Grand Prix 2017"]
[Site "Clarion Hotel Bryggen, Ålesund"]
[Date "2017.03.31"]
[Round "2"]
[White "Kyrkjebø, Erlend"]
[Black "Kvamme, Ingrid Jørdre"]
[Result "1-0"]
[WhiteElo "2091"]
[BlackElo "1334"]

1. e4 {[%clk 0:20:07]} c5 {[%clk 0:20:09]} 2. Nf3 {[%clk 0:20:08]} Nc6
{[%clk 0:20:12]} 3. Bb5 {[%clk 0:20:07]} d6 {[%clk 0:20:04]} 4. O-O
{[%clk 0:19:21]} Bd7 {[%clk 0:20:06]} 5. Re1 {[%clk 0:19:23]} Nf6
{[%clk 0:19:45]} 6. c3 {[%clk 0:18:48]} g6 {[%clk 0:18:58]} 7. d4
{[%clk 0:18:30]} a6 {[%clk 0:17:59]} 8. Bf1 {[%clk 0:15:22]} Bg7 {[%clk 0:17:06]}
9. Bg5 {[%clk 0:13:12]} O-O {[%clk 0:16:41]} 10. Qd2 {[%clk 0:12:54]} Re8
{[%clk 0:16:16]} 11. Na3 {[%clk 0:12:21]} b5 {[%clk 0:15:14]} 12. h3
{[%clk 0:11:37]} Bc8 {[%clk 0:13:52]} 13. Bh6 {[%clk 0:10:44]} Bh8
{[%clk 0:12:59]} 14. Rad1 {[%clk 0:09:51]} Bb7 {[%clk 0:12:14]} 15. e5
{[%clk 0:08:49]} Nd7 {[%clk 0:10:31]} 16. Qf4 {[%clk 0:07:20]} dxe5
{[%clk 0:08:27]} 17. dxe5 {[%clk 0:06:33]} Qc7 {[%clk 0:07:00]} 18. e6
{[%clk 0:06:37]} Qxf4 {[%clk 0:06:55]} 19. Bxf4 {[%clk 0:06:41]} Nf6
{[%clk 0:06:00]} 20. exf7+ {[%clk 0:06:29]} Kxf7 {[%clk 0:06:02]} 21. Ng5+
{[%clk 0:06:31]} Kg8 {[%clk 0:06:01]} 22. Ne6 {[%clk 0:06:32]} Rac8
{[%clk 0:05:01]} 23. Nxc5 {[%clk 0:06:24]} Nd8 {[%clk 0:04:27]} 24. b4
{[%clk 0:03:44]} Nh5 {[%clk 0:02:52]} 25. Be5 {[%clk 0:02:35]} Bxe5
{[%clk 0:02:22]} 26. Rxe5 {[%clk 0:02:39]} Kf7 {[%clk 0:02:10]} 27. c4
{[%clk 0:02:15]} bxc4 {[%clk 0:01:32]} 28. Bxc4+ {[%clk 0:02:17]} Kf8
{[%clk 0:01:18]} 29. Nxb7 {[%clk 0:01:34]} Nxb7 {[%clk 0:01:09]} 30. Bxa6
{[%clk 0:01:37]} Rc7 {[%clk 0:01:05]} 31. Nb5 {[%clk 0:01:33]} 1-0